000 00509nam a2200217Ia 4500
008 210210b1927 xxu||||| |||| 00| 0 eng d
041 _aeng
082 _a822/1354
100 _aNARAYAN (Shriman)
245 _aSelected works of Mahatma Gandhi Vol.I
260 _aAhmedabad
_bNavajivan publishing house
_c1927
440 _aI
650 _aworks
650 _aVol.I
650 _aSelected
650 _aof
650 _aMahatma
650 _aGandhi
690 _aEnglish Prose
906 _a013535
999 _c132416
_d132416